[Event "Isle of Man Minor"]
[Site "Isle of Man"]
[Date "2019.10.17"]
[Round "6"]
[White "Smith, Paul"]
[Black "Goodfellow, Russell Robert"]
[Result "0-1"]
[WhiteElo "1688"]
[BlackElo "1746"]
[PlyCount "76"]
[EventDate "2019.10.12"]
[EventType "swiss"]
[EventRounds "7"]
[EventCountry "ENG"]
[SourceTitle "EXT 2025"]
[Source "ChessBase"]
[SourceDate "2024.10.14"]
[SourceVersion "1"]
[SourceVersionDate "2024.10.14"]
[SourceQuality "1"]

1. Nf3 e6 2. g3 f5 3. d3 Nf6 4. Bg2 d6 5. Nc3 Nc6 6. 0-0 Be7 7. e3 0-0 8. Ne2 Qe8 9. a3 e5 10. c4 Nh5 11. Qc2 g5 12. b4 Bf6 13. Ra2 Qg6 14. b5 Nd8 15. a4 Be6 16. Ra3 Kh8 17. Kh1 Rc8 18. a5 c6 19. Qb1 d5 20. cxd5 cxd5 21. Bb2 Nf7 22. d4 e4 23. Nd2 Nd6 24. Rb3 Nc4 25. Bc3 Bd8 26. Nxc4 Rxc4 27. Bb4 Rf7 28. Rc3 f4 29. gxf4 gxf4 30. Rxc4 f3 31. Bxf3 exf3 32. Ng3 dxc4 33. Bc3 Kg8 34. e4 Bh3 35. Rg1 Bg2+ 36. Rxg2 fxg2+ 37. Kxg2 Nf4+ 38. Kh1 Qg4 0-1

[Event "Isle of Man Minor"]
[Site "Isle of Man"]
[Date "2019.10.16"]
[Round "5"]
[White "Goodfellow, Russell Robert"]
[Black "Henderson Franklin, Matthew"]
[Result "1-0"]
[WhiteElo "1746"]
[BlackElo "1622"]
[PlyCount "81"]
[EventDate "2019.10.12"]
[EventType "swiss"]
[EventRounds "7"]
[EventCountry "ENG"]
[SourceTitle "EXT 2025"]
[Source "ChessBase"]
[SourceDate "2024.10.14"]
[SourceVersion "1"]
[SourceVersionDate "2024.10.14"]
[SourceQuality "1"]

1. e4 e6 2. d4 d5 3. Nd2 c5 4. exd5 Qxd5 5. Ngf3 cxd4 6. Bc4 Qd6 7. 0-0 Nf6 8. Nb3 Nc6 9. Nbxd4 Nxd4 10. Nxd4 a6 11. c3 Qc7 12. Qe2 Be7 13. Bd3 0-0 14. Kh1 b5 15. Bd2 Bb7 16. a4 b4 17. cxb4 Qb6 18. Nc2 Nd5 19. b5 axb5 20. Bxb5 Ba6 21. Bxa6 Rxa6 22. b4 Rfa8 23. a5 Qc7 24. b5 Rd6 25. Nb4 Bf6 26. Rac1 Qd7 27. Nc6 Qb7 28. Rfd1 Nc7 29. Be1 Rxd1 30. Rxd1 Nxb5 31. Rb1 Qxc6 32. Qxb5 Qd5 33. Qxd5 exd5 34. g3 Kf8 35. Rb5 d4 36. Bb4+ Ke8 37. Kg2 Be7 38. Re5 Ra7 39. Kf3 Kd8 40. Rxe7 Ra6 41. Rxf7 1-0

[Event "Isle of Man Minor"]
[Site "Isle of Man"]
[Date "2019.10.15"]
[Round "4"]
[White "Talas, Sandor"]
[Black "Goodfellow, Russell Robert"]
[Result "0-1"]
[WhiteElo "1519"]
[BlackElo "1746"]
[PlyCount "94"]
[EventDate "2019.10.12"]
[EventType "swiss"]
[EventRounds "7"]
[EventCountry "ENG"]
[SourceTitle "EXT 2025"]
[Source "ChessBase"]
[SourceDate "2024.10.14"]
[SourceVersion "1"]
[SourceVersionDate "2024.10.14"]
[SourceQuality "1"]

1. e4 c5 2. Nc3 e6 3. g3 Nc6 4. Bg2 g6 5. d3 Bg7 6. Nge2 Nge7 7. Be3 Nd4 8. 0-0 d6 9. Qd2 Qa5 10. Nc1 Bd7 11. Nb3 Qb4 12. Rac1 Nxb3 13. axb3 Bc6 14. Bh6 Bd4 15. Ra1 a6 16. Ra2 0-0-0 17. Nb1 Qxd2 18. Nxd2 d5 19. c3 Be5 20. f4 Bc7 21. Bg7 Rhe8 22. Bf6 dxe4 23. Nxe4 Rxd3 24. Ng5 Bxg2 25. Kxg2 Nd5 26. Bg7 Ne3+ 27. Kf2 Nxf1 28. Kxf1 h5 29. Ke2 Red8 30. Nf3 h4 31. Ra1 hxg3 32. hxg3 R8d7 33. Bf6 Kb8 34. Rh1 Ka7 35. Rh7 Rd1 36. b4 b6 37. bxc5 bxc5 38. b4 cxb4 39. Bd4+ R1xd4 40. cxd4 b3 41. Kd3 Bd6 42. Kc3 Rb7 43. Kb2 a5 44. Nd2 a4 45. Nc4 a3+ 46. Nxa3 Bxa3+ 47. Kxa3 b2 0-1

[Event "Isle of Man Minor"]
[Site "Isle of Man"]
[Date "2019.10.14"]
[Round "3"]
[White "Goodfellow, Russell Robert"]
[Black "Woodard, Brian Robert"]
[Result "1-0"]
[WhiteElo "1746"]
[BlackElo "1669"]
[PlyCount "133"]
[EventDate "2019.10.12"]
[EventType "swiss"]
[EventRounds "7"]
[EventCountry "ENG"]
[SourceTitle "EXT 2025"]
[Source "ChessBase"]
[SourceDate "2024.10.14"]
[SourceVersion "1"]
[SourceVersionDate "2024.10.14"]
[SourceQuality "1"]

1. e4 d6 2. d4 e6 3. Nf3 Ne7 4. Nc3 g6 5. Bg5 Bg7 6. Qd2 Nd7 7. Bh6 0-0 8. 0-0-0 b6 9. h4 f6 10. Bc4 Nb8 11. h5 Bxh6 12. Qxh6 g5 13. Bd3 Kh8 14. e5 Nf5 15. Bxf5 exf5 16. exf6 Qxf6 17. Qxf6+ Rxf6 18. Nxg5 Bb7 19. d5 Nd7 20. f4 h6 21. Ne6 c6 22. Rhe1 Rg8 23. dxc6 Bxc6 24. Rxd6 Nb8 25. Nd5 Bxd5 26. Rxd5 Re8 27. Rd8 Rxd8 28. Nxd8 Rf8 29. Ne6 Re8 30. Kd2 Nc6 31. c3 Na5 32. b3 Nb7 33. Nd4 Rg8 34. Re2 Nd6 35. Ke3 Rg3+ 36. Nf3 Ne4 37. Rc2 Nf6 38. c4 Nxh5 39. c5 bxc5 40. Rxc5 Rxg2 41. Rxf5 Ng3 42. Ra5 Nf1+ 43. Ke4 Rg7 44. f5 Ng3+ 45. Ke5 Rb7 46. f6 Kg8 47. Kf4 Ne2+ 48. Kf5 Ng3+ 49. Kg6 Ne2 50. Ra6 Nf4+ 51. Kxh6 Nd5 52. Ng5 Rb6 53. Rxb6 axb6 54. Kg6 Nf4+ 55. Kf5 Nd3 56. Ke6 Nf4+ 57. Kf5 Nd3 58. a4 Kf8 59. Ne4 Nc1 60. b4 Nd3 61. a5 bxa5 62. bxa5 Nb4 63. Nc5 Nc6 64. a6 Kf7 65. Ne4 Nd4+ 66. Ke5 Nc6+ 67. Kd6 1-0

[Event "Isle of Man Minor"]
[Site "Isle of Man"]
[Date "2019.10.12"]
[Round "1"]
[White "Goodfellow, Russell Robert"]
[Black "Livermore, Richard"]
[Result "0-1"]
[WhiteElo "1746"]
[BlackElo "1585"]
[PlyCount "54"]
[EventDate "2019.10.12"]
[EventType "swiss"]
[EventRounds "7"]
[EventCountry "ENG"]
[SourceTitle "EXT 2025"]
[Source "ChessBase"]
[SourceDate "2024.10.14"]
[SourceVersion "1"]
[SourceVersionDate "2024.10.14"]
[SourceQuality "1"]

1. e4 e6 2. d4 d5 3. Nd2 dxe4 4. Nxe4 Nd7 5. Nf3 Ngf6 6. Ned2 c5 7. c3 cxd4 8. cxd4 Be7 9. Bd3 0-0 10. 0-0 b6 11. Qe2 Bb7 12. a3 Nd5 13. Nc4 N7f6 14. Nce5 Bd6 15. Bd2 Ne7 16. Rfe1 Bxe5 17. dxe5 Ne8 18. Bxh7+ Kxh7 19. Ng5+ Kg6 20. Qg4 f5 21. exf6 Nxf6 22. Rxe6 Bc8 23. Qe4+ Nf5 24. g4 Bxe6 25. Qxe6 Nh6 26. f4 Qxd2 27. f5+ Kxg5 0-1

[Event "Basingstoke Spring Bank op U1825 2nd"]
[Site "Basingstoke"]
[Date "2019.05.25"]
[Round "2.12"]
[White "Kumar, Sanjit S"]
[Black "Goodfellow, Russell Robert"]
[Result "0-1"]
[WhiteElo "1298"]
[BlackElo "1718"]
[PlyCount "66"]
[EventDate "2019.05.24"]
[EventType "swiss"]
[EventRounds "7"]
[EventCountry "ENG"]
[SourceTitle "EXT 2023"]
[Source "ChessBase"]
[SourceDate "2022.10.05"]
[SourceVersion "1"]
[SourceVersionDate "2022.10.05"]
[SourceQuality "1"]

1. e4 c5 2. Nf3 e6 3. d4 cxd4 4. Nxd4 Nf6 5. Nc3 d6 6. Be2 a6 7. 0-0 Qc7 8. Be3 b5 9. Bf3 Bb7 10. a3 Nbd7 11. Qe2 h6 12. Rad1 Ne5 13. Nb3 g5 14. g3 Rg8 15. Bg2 Be7 16. a4 b4 17. Na2 a5 18. f3 Bc6 19. Qf2 Nc4 20. Nd4 Nxe3 21. Qxe3 Bxa4 22. b3 Bd7 23. f4 gxf4 24. Rxf4 e5 25. Rxf6 Bxf6 26. Nf5 Bxf5 27. exf5 Qa7 28. Qxa7 Rxa7 29. Rxd6 Ke7 30. Rc6 Rd8 31. g4 Rd1+ 32. Bf1 Ra1 33. Nxb4 axb4 0-1

[Event "Harrogate 4NCL op-B 21st"]
[Site "Harrogate"]
[Date "2019.01.18"]
[Round "1"]
[White "Goodfellow, Russell Robert"]
[Black "Bennett, Dominic"]
[Result "0-1"]
[WhiteElo "1742"]
[BlackElo "1934"]
[PlyCount "52"]
[EventDate "2019.01.18"]
[EventType "swiss"]
[EventRounds "5"]
[EventCountry "ENG"]
[SourceTitle "CBM 188 Extra"]
[Source "ChessBase"]
[SourceDate "2019.02.28"]
[SourceVersion "1"]
[SourceVersionDate "2019.02.28"]
[SourceQuality "1"]

1. e4 c5 2. Nf3 d6 3. d4 cxd4 4. Nxd4 Nf6 5. Nc3 Nc6 6. Bb5 Bd7 7. a4 Rc8 8. 0-0 g6 9. h3 Bg7 10. Nb3 0-0 11. Be3 a6 12. Be2 Be6 13. Nd4 Na5 14. Nxe6 fxe6 15. Qd3 Nc4 16. Bc1 Kh8 17. g4 Nd7 18. Rb1 Qa5 19. Nd1 Qb6 20. b3 d5 21. Ne3 Nxe3 22. Bxe3 d4 23. Bg5 Nc5 24. Qd1 Nxe4 25. Bxe7 Rf7 26. Bh4 g5 0-1

[Event "Telford 4NCL op-B 19th"]
[Site "Telford"]
[Date "2018.07.15"]
[Round "4"]
[White "Gardiner, Eric D"]
[Black "Goodfellow, Russell Robert"]
[Result "1-0"]
[WhiteElo "1939"]
[BlackElo "1766"]
[PlyCount "107"]
[EventDate "2018.07.13"]
[EventType "swiss"]
[EventRounds "5"]
[EventCountry "ENG"]
[SourceTitle "EXT 2019"]
[Source "ChessBase"]
[SourceDate "2018.10.10"]
[SourceVersion "1"]
[SourceVersionDate "2018.10.10"]
[SourceQuality "1"]

1. e4 c5 2. c3 d5 3. exd5 Qxd5 4. d4 cxd4 5. cxd4 Nc6 6. Nf3 Bg4 7. Nc3 Qh5 8. Be2 e6 9. 0-0 Nge7 10. h3 Bxf3 11. Bxf3 Qa5 12. Be3 0-0-0 13. Qb3 Qb4 14. d5 Nxd5 15. Nxd5 Qxb3 16. axb3 exd5 17. Bxa7 Kc7 18. Be3 d4 19. Bd2 Bc5 20. Rac1 Kb6 21. Bxc6 bxc6 22. b4 Be7 23. Rc4 Rd5 24. Rfc1 Rc8 25. Kf1 Bf6 26. b3 Rf5 27. Ke2 Re8+ 28. Kd3 Re6 29. f3 Rfe5 30. Rc5 Re2 31. Rxc6+ Rxc6 32. Rxc6+ Kxc6 33. Kxe2 Kd5 34. Kd3 g6 35. Be1 Bd8 36. Bg3 Be7 37. Bf2 Bxb4 38. Bxd4 f5 39. Bg7 Ba5 40. Bf8 Bb6 41. g4 Bf2 42. gxf5 gxf5 43. b4 Be1 44. b5 Ba5 45. Be7 Bb6 46. Bf6 Bc7 47. Bd4 Bb8 48. Bf2 f4 49. Bd4 Bd6 50. b6 Bb8 51. b7 h6 52. Bg7 h5 53. Bd4 h4 54. Bf6 1-0

[Event "Douglas IoM Major op"]
[Site "Douglas"]
[Date "2016.10.08"]
[Round "6"]
[White "Gumireddy, Sanjay Savio"]
[Black "Goodfellow, Russell Robert"]
[Result "0-1"]
[WhiteElo "1800"]
[BlackElo "1925"]
[PlyCount "82"]
[EventDate "2016.10.03"]
[EventType "swiss"]
[EventRounds "7"]
[EventCountry "IOM"]
[SourceTitle "EXT 2019"]
[Source "ChessBase"]
[SourceDate "2018.10.10"]
[SourceVersion "1"]
[SourceVersionDate "2018.10.10"]
[SourceQuality "1"]

1. e4 c5 2. Nc3 Nc6 3. g3 g6 4. Bg2 Bg7 5. d3 e6 6. Be3 Nd4 7. Nce2 Nxe2 8. Nxe2 Bxb2 9. Rb1 Bg7 10. Bxc5 d6 11. Bb4 Ne7 12. 0-0 0-0 13. Qd2 Qc7 14. Rfc1 Bd7 15. c4 Rae8 16. d4 f5 17. e5 dxe5 18. d5 Qc8 19. dxe6 Bxe6 20. Bd5 Rf7 21. Qe3 a6 22. Qb6 Bxd5 23. cxd5 Qd8 24. Bxe7 Rfxe7 25. d6 Rd7 26. Rc7 Rxd6 27. Qxb7 Qf6 28. Rbc1 h6 29. Qb3+ Kh8 30. Rf7 Qe6 31. Qb7 Bf8 32. Rcc7 Rd1+ 33. Kg2 Qd5+ 34. Qxd5 Rxd5 35. Nc3 Rd6 36. Na4 Rde6 37. Nb6 Rxb6 38. Ra7 Kg8 39. Rh7 e4 40. h4 h5 41. f3 Rb2+ 0-1

[Event "Wakefield 4NCL op-B 10th"]
[Site "Wakefield"]
[Date "2016.09.10"]
[Round "2.6"]
[White "Goodfellow, Russell Robert"]
[Black "Davies, Sam"]
[Result "1-0"]
[WhiteElo "1894"]
[BlackElo "1765"]
[PlyCount "43"]
[EventDate "2016.09.09"]
[EventType "swiss"]
[EventRounds "5"]
[EventCountry "ENG"]
[SourceTitle "EXT 2023"]
[Source "ChessBase"]
[SourceDate "2022.10.05"]
[SourceVersion "1"]
[SourceVersionDate "2022.10.05"]
[SourceQuality "1"]

1. e4 e6 2. d4 d5 3. Nd2 dxe4 4. Nxe4 Bd7 5. Nf3 Bc6 6. Bd3 Nd7 7. Ned2 Ngf6 8. 0-0 Be7 9. c3 0-0 10. Qe2 Re8 11. Ne5 Nxe5 12. dxe5 Qd5 13. Nf3 Nd7 14. Rd1 Rad8 15. Bxh7+ Kxh7 16. Rxd5 Bxd5 17. Ng5+ Bxg5 18. Bxg5 Rc8 19. c4 Bc6 20. b4 b6 21. b5 Bb7 22. Qd3+ 1-0

[Event "Crawley e2e4 Gatwick op U1950"]
[Site "Crawley"]
[Date "2016.02.21"]
[Round "5"]
[White "Goodfellow, Russell Robert"]
[Black "Lanzer, Robert A"]
[Result "1/2-1/2"]
[WhiteElo "1908"]
[BlackElo "1877"]
[PlyCount "120"]
[EventDate "2016.02.19"]
[EventType "swiss"]
[EventRounds "5"]
[EventCountry "ENG"]
[SourceTitle "EXT 2019"]
[Source "ChessBase"]
[SourceDate "2018.10.10"]
[SourceVersion "1"]
[SourceVersionDate "2018.10.10"]
[SourceQuality "1"]

1. e4 e6 2. d4 d5 3. Nd2 Nf6 4. e5 Nfd7 5. f4 c5 6. c3 Nc6 7. Ndf3 b6 8. Bd3 cxd4 9. cxd4 Nb4 10. Bb1 Ba6 11. a3 Nc6 12. f5 Be7 13. Ne2 Rc8 14. Be3 Na5 15. b3 Qc7 16. Ra2 0-0 17. Kf2 Bxe2 18. Kxe2 exf5 19. Bxf5 g6 20. Bd3 Nb8 21. h4 Qd7 22. h5 Qg4 23. Kf2 Rc3 24. Bc2 Rfc8 25. hxg6 fxg6 26. Bd2 Rxf3+ 27. gxf3 Bh4+ 28. Kf1 Rf8 29. f4 Qg3 30. Qe2 Nxb3 31. Bxb3 Qxb3 32. Ra1 Bg3 33. Rh3 Qb2 34. Rd1 Bxf4 35. Rf3 g5 36. Bxf4 Qxe2+ 37. Kxe2 gxf4 38. Rg1+ Kh8 39. Rg4 Nc6 40. Rfxf4 Rxf4 41. Rxf4 Kg7 42. e6 Kg6 43. Ke3 h6 44. Kf3 b5 45. Kg4 a5 46. Rf5 Ne7 47. Re5 b4 48. axb4 axb4 49. Re3 h5+ 50. Kh3 Kf6 51. Re2 Nc6 52. Kh4 Nxd4 53. Kxh5 Nxe6 54. Rb2 d4 55. Kg4 Ke5 56. Kf3 Ng5+ 57. Ke2 Ke4 58. Rxb4 Nh3 59. Rb3 Nf4+ 60. Kd2 Kd5 1/2-1/2